000 005420000a22001810004500
041 0 _aSPA
082 0 4 _aG 268.635 H1963t
100 1 _aHalsema, Thea B. van
245 1 0 _aDe todo corazón / Thea B. Van Halsema ; J. S. Boonstra, Traductor
260 _aArgentina : Junta de Publicaciones de las Iglesias Reformadas
300 _a165 Pag
500 _aTítulo original : With all my heart
001 8036
942 _cBK
999 _c38234
_d38234
336 _atexto
_btxt
_2rdacontent
337 _2rdamedia
_asin mediación
_bn
338 _2rdacarrier
_avolumen
_bnc